Normal view
MARC view
- JOSEPH SUNNY
Entry Personal Name
001 - CONTROL NUMBER
- control field: 3973
003 - CONTROL NUMBER IDENTIFIER
- control field: OSt
005 - DATE AND TIME OF LATEST TRANSACTION
- control field: 20181119144309.0
008 - FIXED-LENGTH DATA ELEMENTS
- fixed length control field: 181119|| aca||aabn | a|a d
040 ## - CATALOGING SOURCE
- Original cataloging agency: OSt
- Transcribing agency: OSt
100 ## - HEADING--PERSONAL NAME
- Personal name: JOSEPH SUNNY
670 ## - SOURCE DATA FOUND
- Source citation: Work cat.: (OSt)14910: JOSEPH SUNNY SUMAYYA ROSHAN P.K, Groundwater Flow and Particle Tracking Model for Nileshwar Basin Using Modflow
